000 00898nam a2200253Ia 4500
003 GCL
008 140319s9999 xx 000 0 ara d
040 _aGCL /
_cGCL
082 0 4 _a956.601
_bى ف
100 1 _aياسين سويد
245 1 0 _aفرنسا والموارنة ولبنان تقرير ومراسلات الحملة العسكرية الفرنسية على سوريا (1861-1860) /
_cياسين سويد
260 _a[S.N] :
_bشركة المطبوعات للتوزيع والنشر ،
_c1992
300 _a735 ص
490 _a
650 0 4 _aالعصر الحديث
650 0 4 _aتاريخ
650 0 4 _aسوريا
650 0 4 _aالتاريخ الاسلامى
650 0 4 _aلبنان
650 0 4 _aالاستعمار الفرنسى
650 0 4 _aالحرب الاهلية
650 0 4 _aالامبراطورية العثمانية (1545 - 1920)
942 _2ddc
_cBK
999 _c31254
_d31254